The potential of Sweet and Irish potatoes for sustainable livelihood in urban cities of the Copperbelt province of Zambia. (Record no. 82076)

MARC details
000 -LEADER
fixed length control field 00800nam a2200181 a 4500
008 - FIXED-LENGTH DATA ELEMENTS--GENERAL INFORMATION
fixed length control field 170109s2010 ||||||||||||||||| || u
050 ## - LIBRARY OF CONGRESS CALL NUMBER
Classification number CBU-UG THESIS/CHI
100 ## - MAIN ENTRY--PERSONAL NAME
Personal name Chisanga, Chilufya Peter Jnr
245 14 - TITLE STATEMENT
Title The potential of Sweet and Irish potatoes for sustainable livelihood in urban cities of the Copperbelt province of Zambia.
Statement of responsibility, etc. by Chilufya Peter Chisanga Jnr
260 ## - PUBLICATION, DISTRIBUTION, ETC.
Place of publication, distribution, etc. Kitwe
Name of publisher, distributor, etc. Copperbelt University
Date of publication, distribution, etc. 2010
300 ## - PHYSICAL DESCRIPTION
Extent x, 54p.: ill.
500 ## - GENERAL NOTE
General note Bibliography
650 ## - SUBJECT ADDED ENTRY--TOPICAL TERM
Topical term or geographic name entry element POTATOES--NUTRITON SECURITY
650 ## - SUBJECT ADDED ENTRY--TOPICAL TERM
Topical term or geographic name entry element POTATOES--SUSTAINABLE LIVELIHOOD--ZAMBIA
650 ## - SUBJECT ADDED ENTRY--TOPICAL TERM
Topical term or geographic name entry element FOOD CROPS--POTATOES
650 ## - SUBJECT ADDED ENTRY--TOPICAL TERM
Topical term or geographic name entry element POTATOES--FOOD SUPPLY--ZAMBIA
995 ## -
-- SPECIAL COLLECTIONS
-- 747332
-- CBU-MAIN LIBRARY (Kitwe)
-- CBU-UG THESIS/CHI
-- 2
-- AVAILABLE
-- Jul 27, 2020
-- B4224
-- University Collection
999 ## -
-- 82076
-- 82076
Holdings
Withdrawn status Lost status Source of classification or shelving scheme Damaged status Not for loan Permanent Location Current Location Shelving location Date acquired Total Checkouts Full call number Barcode Date last seen Copy number Price effective from Koha item type
          CBU-MAIN LIBRARY, KITWE. CBU-MAIN LIBRARY, KITWE.   09/12/2023   CBU-UG THESIS/CHI B4224 09/12/2023 1 09/12/2023 SPECIAL COLLECTION